000 00638nam a2200241 i 4500
001 C2-0342736
003 PPAK
005 20180728144038.0
008 170815s2017 enk |||| ||||| | eng d
020 _a9780007574681
040 _aPPAK
_beng
_cPPAK
_erda
082 0 4 _a823
_223
090 0 0 _a823
_bSMA
_dK
100 1 _aSmale, Holly,
_eauthor
245 1 0 _aGeek girl
264 1 _aLondon :
_bHarperCollins Children's Books ,
_c2017
300 _a431 pages ;
_c22 cm
336 _2rdacontent
_atext
337 _2rdamedia
_aunmediated
338 _2rdacarrier
_avolume
650 1 0 _aChildren's stories, English.
942 _ddc
_cB
999 _c139629
_d139629